| 000 | 00357nam a22001217a 4500 | ||
|---|---|---|---|
| 999 |
_c3546 _d3546 |
||
| 005 | 20201207154810.0 | ||
| 008 | 201207b ||||| |||| 00| 0 eng d | ||
| 020 | _a18881 | ||
| 040 | _cCML | ||
| 245 |
_aRepublic of Zambia: Penal Code. _cDaniel M |
||
| 260 |
_aLusaka _bGovernment Printer _c2011 |
||
| 942 |
_2ddc _cBK _e1st Edition _h340.1106 _mDAN |
||